[Event "30. Ciudad de Sevilla 2014"]
[Site "Sevilla ESP"]
[Date "2014.01.16"]
[Round "7.3"]
[White "Lillo Castany, Victor"]
[Black "Matamoros Franco, Carlos S"]
[Result "0-1"]
[WhiteElo "2315"]
[BlackElo "2531"]
[PlyCount "78"]
[EventDate "2014.01.10"]
[EventType "swiss"]
[EventRounds "9"]
[EventCountry "ESP"]
[Source "lmi"]
[SourceDate "2014.01.10"]

1. e4 c6 2. Nc3 d5 3. Nf3 Bg4 4. h3 Bxf3 5. Qxf3 Nf6 6. Be2 e6 7. O-O Bc5 8. d3
Nbd7 9. Bd2 Ne5 10. Qg3 Ng6 11. Rad1 h5 12. h4 Bd4 13. exd5 cxd5 14. Nb5 Be5
15. f4 Bb8 16. Qf2 Ne7 17. Nd4 Bc7 18. g3 Bb6 19. Be3 O-O 20. Kh1 g6 21. Rde1
Rc8 22. Bd1 Nc6 23. Qg1 Ne8 24. c3 Ng7 25. Nf3 Bxe3 26. Qxe3 d4 27. Nxd4 Nxd4
28. Qxd4 Qxd4 29. cxd4 Nf5 30. Kg2 Rfd8 31. Bf3 Nxd4 32. Bxb7 Rb8 33. Ba6 Rxb2+
34. Rf2 Rdb8 35. Bc4 Rxf2+ 36. Kxf2 Rb2+ 37. Kf1 Nf5 38. Re5 Nxg3+ 39. Ke1 Nf5
0-1

[Event "30. Ciudad de Sevilla 2014"]
[Site "Sevilla ESP"]
[Date "2014.01.16"]
[Round "7.4"]
[White "Padeiro, Jose"]
[Black "Campora, Daniel H"]
[Result "1/2-1/2"]
[WhiteElo "2337"]
[BlackElo "2460"]
[PlyCount "88"]
[EventDate "2014.01.10"]
[EventType "swiss"]
[EventRounds "9"]
[EventCountry "ESP"]
[Source "lmi"]
[SourceDate "2014.01.10"]

1. e4 e5 2. Nf3 Nc6 3. Bc4 Bc5 4. Nc3 Nf6 5. d3 d6 6. Be3 Bb6 7. h3 O-O 8. O-O
Na5 9. Bb3 Nxb3 10. axb3 Bxe3 11. fxe3 c6 12. Qe1 Ne8 13. Nh4 g6 14. Qg3 Ng7
15. Rf3 f6 16. Raf1 Qe7 17. Qf2 g5 18. Nf5 Bxf5 19. exf5 d5 20. e4 d4 21. Ne2
a5 22. g4 a4 23. bxa4 Rxa4 24. h4 h6 25. hxg5 hxg5 26. Rh3 Kf7 27. Rh7 Ke8 28.
Qh2 Kd7 29. Qh6 Rf7 30. Qg6 Ra8 31. Kf2 Raf8 32. Rfh1 Ne8 33. Ng3 Kc7 34. Rxf7
Rxf7 35. Rh8 Kb6 36. Qg8 Nc7 37. Ne2 Na6 38. c3 Nc5 39. Nc1 dxc3 40. bxc3 Na4
41. Ne2 Nxc3 42. Nxc3 Qc5+ 43. Ke2 Qxc3 44. Qxf7 Qc2+ 1/2-1/2

[Event "30. Ciudad de Sevilla 2014"]
[Site "Sevilla ESP"]
[Date "2014.01.16"]
[Round "7.5"]
[White "Ducarmon, Quinten"]
[Black "Valenti, Giuseppe"]
[Result "1-0"]
[WhiteElo "2456"]
[BlackElo "2172"]
[PlyCount "77"]
[EventDate "2014.01.10"]
[EventType "swiss"]
[EventRounds "9"]
[EventCountry "ESP"]
[Source "lmi"]
[SourceDate "2014.01.10"]

1. e4 c5 2. Nf3 e6 3. d4 cxd4 4. Nxd4 a6 5. Be2 Qc7 6. O-O Nf6 7. Nc3 d6 8. f4
Nc6 9. Be3 Be7 10. Kh1 O-O 11. Qe1 d5 12. e5 Ne4 13. Nxe4 dxe4 14. c3 g6 15.
Nb3 b5 16. Qb1 Bb7 17. Qxe4 Na5 18. Qc2 Nc4 19. Bd4 f6 20. Bg4 Bd5 21. Qe2 Qc6
22. exf6 Bxf6 23. Bf3 Rae8 24. Bxf6 Rxf6 25. Nd4 Qd7 26. b3 Nb6 27. g3 Qc7 28.
Bxd5 Nxd5 29. c4 bxc4 30. bxc4 Nb6 31. Nf3 Nxc4 32. Rac1 Rc8 33. Ne5 Qb7+ 34.
Qf3 Qxf3+ 35. Rxf3 Nd6 36. Rxc8+ Nxc8 37. Ra3 g5 38. Rxa6 gxf4 39. Ra8 1-0

[Event "30. Ciudad de Sevilla 2014"]
[Site "Sevilla ESP"]
[Date "2014.01.16"]
[Round "7.6"]
[White "Diaz Castro, Sergio"]
[Black "Van Der Weide, Karel"]
[Result "1/2-1/2"]
[WhiteElo "2256"]
[BlackElo "2449"]
[PlyCount "36"]
[EventDate "2014.01.10"]
[EventType "swiss"]
[EventRounds "9"]
[EventCountry "ESP"]
[Source "lmi"]
[SourceDate "2014.01.10"]

1. e4 c5 2. c3 Nf6 3. e5 Nd5 4. d4 cxd4 5. cxd4 e6 6. Nc3 Nxc3 7. bxc3 Qc7 8.
Bd2 b6 9. Nf3 Bb7 10. Bd3 d6 11. O-O Nd7 12. Ng5 dxe5 13. Qh5 g6 14. Qh3 Be7
15. Qh6 Bf8 16. Qh3 Be7 17. Qh6 Bf8 18. Qh3 Be7 1/2-1/2

[Event "30. Ciudad de Sevilla 2014"]
[Site "Sevilla ESP"]
[Date "2014.01.16"]
[Round "7.7"]
[White "Gonzalez Galvan, Juan Manuel"]
[Black "Montero Melendez, Rafael"]
[Result "1-0"]
[WhiteElo "2238"]
[BlackElo "2350"]
[PlyCount "119"]
[EventDate "2014.01.10"]
[EventType "swiss"]
[EventRounds "9"]
[EventCountry "ESP"]
[Source "lmi"]
[SourceDate "2014.01.10"]

1. e4 e5 2. Bc4 Nc6 3. d3 Bc5 4. Ne2 Nf6 5. O-O d5 6. exd5 Nxd5 7. Nbc3 Nb6 8.
Bb5 O-O 9. Bxc6 bxc6 10. Ne4 Be7 11. f4 f5 12. N4c3 Bc5+ 13. Kh1 exf4 14. Bxf4
Nd5 15. Qd2 Nxf4 16. Qxf4 Qd6 17. Na4 Qxf4 18. Rxf4 Bd6 19. Rc4 Be6 20. Rxc6
Bd5 21. Ra6 f4 22. Ng1 Rf5 23. Nc3 Bb7 24. Ra4 c5 25. Ne4 Be7 26. Rf1 a5 27. g4
Rff8 28. Nf3 Bc6 29. Rc4 Bd5 30. Rc3 Rab8 31. b3 Rbc8 32. Kg1 c4 33. Rxc4 Bxc4
34. bxc4 Rb8 35. Nd4 Rb2 36. a4 Ra2 37. Rb1 Rxa4 38. Ne6 Ra8 39. Rb7 Bf8 40. c5
Rb4 41. Rxb4 axb4 42. c6 Rc8 43. Nd4 h6 44. Kg2 Kf7 45. h4 Be7 46. h5 g5 47.
hxg6+ Kxg6 48. Kf3 Bd8 49. Nd6 Ra8 50. Ne6 Be7 51. Nxf4+ Kh7 52. Nf5 Bd8 53.
Nd5 Rc8 54. Nd4 Ba5 55. Ke4 Kg7 56. Ke5 Kf7 57. Kd6 Rd8+ 58. Kc5 Rg8 59. Nf5
Ke6 60. Nxh6 1-0

[Event "30. Ciudad de Sevilla 2014"]
[Site "Sevilla ESP"]
[Date "2014.01.16"]
[Round "7.8"]
[White "Congiu, Mathilde"]
[Black "Melero Fidalgo, Juan De Dios"]
[Result "0-1"]
[WhiteElo "2226"]
[BlackElo "2245"]
[PlyCount "99"]
[EventDate "2014.01.10"]
[EventType "swiss"]
[EventRounds "9"]
[EventCountry "ESP"]
[Source "lmi"]
[SourceDate "2014.01.10"]

1. e4 e5 2. Nf3 Nc6 3. Bc4 Nf6 4. d3 Be7 5. O-O O-O 6. Re1 d6 7. a4 a5 8. Nbd2
Nd7 9. c3 Bf6 10. Nf1 Nb6 11. Ne3 Nxc4 12. dxc4 Ne7 13. Nd5 Nxd5 14. cxd5 Be7
15. Nd2 Bg5 16. Nc4 Bxc1 17. Qxc1 Bd7 18. Qc2 Qe8 19. Ne3 g6 20. b3 b6 21. f3
f5 22. exf5 gxf5 23. Nf1 Qf7 24. Rad1 f4 25. Qf2 Bf5 26. Re2 Kh8 27. Qh4 Rab8
28. c4 Rbe8 29. Nd2 Bc2 30. Rc1 Qg6 31. Re4 Bxe4 32. Nxe4 Rf5 33. Rc2 Kg7 34.
Qf2 Rg8 35. Kf1 Rh5 36. h3 Kh8 37. Rb2 Qf5 38. Ke2 Rh6 39. Rb1 Qg6 40. Kf1 Qg7
41. Rb2 Qf7 42. Rd2 Qf5 43. Re2 Rhg6 44. Qh4 Qf8 45. Qe1 Qh6 46. Rf2 Qh4 47.
Qd1 Rxg2 48. Rxg2 Qxh3 49. Qc2 Qh1+ 50. Ke2 0-1

[Event "30. Ciudad de Sevilla 2014"]
[Site "Sevilla ESP"]
[Date "2014.01.16"]
[Round "7.10"]
[White "Ferrer Garcia, Isaac"]
[Black "Simonian, Tigran"]
[Result "0-1"]
[WhiteElo "2144"]
[BlackElo "2412"]
[PlyCount "66"]
[EventDate "2014.01.10"]
[EventType "swiss"]
[EventRounds "9"]
[EventCountry "ESP"]
[Source "lmi"]
[SourceDate "2014.01.10"]

1. e4 c5 2. Nf3 Nc6 3. d4 cxd4 4. Nxd4 e6 5. Nc3 Qc7 6. g3 a6 7. Bg2 Nf6 8. O-O
Be7 9. Be3 d6 10. f4 O-O 11. Nb3 b5 12. a3 Bb7 13. g4 Nd7 14. g5 Nc5 15. Rf3 b4
16. axb4 Nxb4 17. Rh3 g6 18. Qe1 Nxc2 19. Qh4 h5 20. Bf3 Nxe3 21. Bxh5 Kg7 22.
Bxg6 Rh8 23. Bh7 Kf8 24. Nd4 Qb6 25. Rxe3 Nb3 26. Nxe6+ fxe6 27. Rae1 Ke8 28.
f5 Nd4 29. Qh5+ Kd7 30. f6 Rag8 31. fxe7 Rxg5+ 32. Qxg5 Nf3+ 33. Kh1 Nxg5 0-1

[Event "30. Ciudad de Sevilla 2014"]
[Site "Sevilla ESP"]
[Date "2014.01.16"]
[Round "7.11"]
[White "Pogorelov, Ruslan"]
[Black "Romero Sanchez, Jesus"]
[Result "1/2-1/2"]
[WhiteElo "2377"]
[BlackElo "2121"]
[PlyCount "95"]
[EventDate "2014.01.10"]
[EventType "swiss"]
[EventRounds "9"]
[EventCountry "ESP"]
[Source "lmi"]
[SourceDate "2014.01.10"]

1. Nf3 d5 2. d4 Nf6 3. c4 c6 4. Nc3 e6 5. e3 a6 6. Qc2 c5 7. cxd5 exd5 8. Be2
Be6 9. O-O Nc6 10. Rd1 cxd4 11. Nxd4 Nxd4 12. Rxd4 Bc5 13. Rd1 Qe7 14. Qa4+ Bd7
15. Qh4 h6 16. Qg3 Bd6 17. f4 O-O 18. Bf3 Bc6 19. Ne2 Ne4 20. Qe1 Bb4 21. Qf1
Rac8 22. Nd4 Rfd8 23. a3 Bc5 24. b4 Bb6 25. Qe1 Ba4 26. Rd3 Bc2 27. Nxc2 Rxc2
28. Bd1 Rf2 29. Bf3 Rc2 30. Rb1 d4 31. Qd1 Rc3 32. Rb3 Rdc8 33. Rbxc3 Nxc3 34.
Qe1 Nb5 35. e4 Rc3 36. Qd1 Qc7 37. Bb2 Rc2 38. Rd2 d3+ 39. Kh1 Qxf4 40. Rxc2
dxc2 41. Qxc2 Bc7 42. Kg1 Qxh2+ 43. Kf1 Bb6 44. Qc8+ Kh7 45. Qf5+ Kg8 46. Qc8+
Kh7 47. Qf5+ Kg8 48. Qc8+ 1/2-1/2

[Event "30. Ciudad de Sevilla 2014"]
[Site "Sevilla ESP"]
[Date "2014.01.16"]
[Round "7.12"]
[White "Delgado Serrano, Angel"]
[Black "Sgnaolin, Davide"]
[Result "0-1"]
[WhiteElo "2136"]
[BlackElo "2221"]
[PlyCount "48"]
[EventDate "2014.01.10"]
[EventType "swiss"]
[EventRounds "9"]
[EventCountry "ESP"]
[Source "lmi"]
[SourceDate "2014.01.10"]

1. Nf3 c5 2. g3 Nc6 3. Bg2 g6 4. O-O Bg7 5. d3 d6 6. e4 e5 7. c3 Nge7 8. a3 O-O
9. b4 a6 10. Bb2 b6 11. Nbd2 h6 12. Re1 Be6 13. Nc4 f5 14. Nfd2 f4 15. Nb3 g5
16. Bf1 b5 17. Nca5 Qb6 18. Qd2 fxg3 19. hxg3 Rf7 20. Qe3 Nxa5 21. Nxa5 Raf8
22. Bg2 Rxf2 23. Bc1 g4 24. Kh2 R8f3 0-1

[Event "30. Ciudad de Sevilla 2014"]
[Site "Sevilla ESP"]
[Date "2014.01.16"]
[Round "7.13"]
[White "Van Hoolandt, Patrick"]
[Black "Machlik, Monika"]
[Result "1-0"]
[WhiteElo "2199"]
[BlackElo "1941"]
[PlyCount "91"]
[EventDate "2014.01.10"]
[EventType "swiss"]
[EventRounds "9"]
[EventCountry "ESP"]
[Source "lmi"]
[SourceDate "2014.01.10"]

1. e4 Nf6 2. e5 Nd5 3. d4 d6 4. c4 Nb6 5. exd6 exd6 6. Nc3 Nc6 7. Be3 Be7 8.
Nf3 O-O 9. b3 Bg4 10. h3 Bh5 11. Be2 Bf6 12. O-O Re8 13. Qd2 Bg6 14. g4 Qd7 15.
Ne1 a5 16. Rd1 a4 17. d5 Nb8 18. b4 h5 19. Ng2 hxg4 20. hxg4 a3 21. Rfe1 Na6
22. Nb5 Re4 23. Nxa3 Qa4 24. f3 Ree8 25. Nb5 Rad8 26. g5 Be7 27. a3 Nd7 28. Rc1
Ne5 29. f4 Nxc4 30. Bxc4 c6 31. dxc6 d5 32. Bf1 bxc6 33. Nc3 Qxa3 34. Ra1 Qxb4
35. Bxa6 d4 36. Nd5 Qxd2 37. Nxe7+ Rxe7 38. Bxd2 Red7 39. Bc4 d3 40. Ra6 Rb8
41. Rxc6 Bh5 42. g6 Rd4 43. Bxf7+ Kh8 44. Re3 Be2 45. Kf2 Rd5 46. Rxe2 1-0

[Event "30. Ciudad de Sevilla 2014"]
[Site "Sevilla ESP"]
[Date "2014.01.16"]
[Round "7.14"]
[White "Bermudes Barrera, Eduardo"]
[Black "Severijnen, Arjon"]
[Result "0-1"]
[WhiteElo "2069"]
[BlackElo "2147"]
[PlyCount "52"]
[EventDate "2014.01.10"]
[EventType "swiss"]
[EventRounds "9"]
[EventCountry "ESP"]
[Source "lmi"]
[SourceDate "2014.01.10"]

1. d4 d5 2. Bg5 h6 3. Bh4 c5 4. c3 Qb6 5. Qd2 Nc6 6. e3 Bf5 7. dxc5 Qxc5 8. Bd3
Bxd3 9. Qxd3 e5 10. Nd2 Be7 11. Bxe7 Ngxe7 12. Ne2 O-O 13. g4 Rfd8 14. Ng3 Qb6
15. O-O-O Rac8 16. Kb1 a5 17. h4 a4 18. a3 d4 19. exd4 exd4 20. c4 Ng6 21. Qf5
Na5 22. g5 hxg5 23. h5 Rc5 24. Qc2 Ne5 25. Qxa4 Naxc4 26. b4 Ra5 0-1

[Event "30. Ciudad de Sevilla 2014"]
[Site "Sevilla ESP"]
[Date "2014.01.16"]
[Round "7.15"]
[White "Dominguez Fernandez, Angel"]
[Black "Urbina Perez, Juan Antonio"]
[Result "0-1"]
[WhiteElo "2011"]
[BlackElo "2183"]
[PlyCount "90"]
[EventDate "2014.01.10"]
[EventType "swiss"]
[EventRounds "9"]
[EventCountry "ESP"]
[Source "lmi"]
[SourceDate "2014.01.10"]

1. Nf3 Nf6 2. c4 e6 3. g3 b6 4. Bg2 Bb7 5. O-O c5 6. b3 Be7 7. Bb2 O-O 8. e3 d5
9. Qe2 dxc4 10. bxc4 Nc6 11. Rd1 Qc7 12. Nc3 a6 13. d3 Rfd8 14. Rab1 Rab8 15.
Ba1 Na5 16. a4 Ne8 17. h4 Bc6 18. Ng5 h6 19. Bxc6 Qxc6 20. Nh3 Qc7 21. Ne4 Nc6
22. Nf4 Bd6 23. Nh5 Be5 24. Bxe5 Qxe5 25. f4 Qc7 26. g4 f5 27. gxf5 exf5 28.
Nc3 Nb4 29. Rxb4 cxb4 30. Nd5 Qf7 31. Nxb4 Rbc8 32. Rb1 Rd6 33. Nd5 Rg6+ 34.
Kf2 Nc7 35. Nxb6 Rb8 36. a5 Rg4 37. Ng3 Rxh4 38. Rg1 Re8 39. Qf3 Kh8 40. Ne2
Qe7 41. Rg2 Qc5 42. Nd4 Qxa5 43. Qb7 Qd2+ 44. Kf1 Rh1+ 45. Rg1 Qd1+ 0-1

[Event "30. Ciudad de Sevilla 2014"]
[Site "Sevilla ESP"]
[Date "2014.01.16"]
[Round "7.17"]
[White "Mcmahon, Daire"]
[Black "Gimenez Iturralde, Daniel"]
[Result "1/2-1/2"]
[WhiteElo "2157"]
[BlackElo "2004"]
[PlyCount "47"]
[EventDate "2014.01.10"]
[EventType "swiss"]
[EventRounds "9"]
[EventCountry "ESP"]
[Source "lmi"]
[SourceDate "2014.01.10"]

1. d4 Nf6 2. c4 c5 3. e3 e6 4. Nf3 Be7 5. Nc3 O-O 6. dxc5 Bxc5 7. Be2 b6 8. O-O
Bb7 9. a3 d5 10. b4 Be7 11. Bb2 Qc8 12. cxd5 Nxd5 13. Rc1 Qd8 14. Qb3 Nd7 15.
Rfd1 Rc8 16. Bb5 Rc7 17. Bxd7 Rxd7 18. Ne5 Nxc3 19. Rxd7 Ne2+ 20. Kf1 Nxc1 21.
Bxc1 Qc8 22. Bb2 Bf6 23. Rd1 Rd8 24. Rc1 1/2-1/2

[Event "30. Ciudad de Sevilla 2014"]
[Site "Sevilla ESP"]
[Date "2014.01.16"]
[Round "7.18"]
[White "Preto, Daniel Filipe Rodri"]
[Black "Silva Lucena, Cristian"]
[Result "1-0"]
[WhiteElo "2004"]
[BlackElo "2126"]
[PlyCount "65"]
[EventDate "2014.01.10"]
[EventType "swiss"]
[EventRounds "9"]
[EventCountry "ESP"]
[Source "lmi"]
[SourceDate "2014.01.10"]

1. c4 Nf6 2. Nc3 g6 3. g3 Bg7 4. Bg2 O-O 5. Nf3 d6 6. O-O Nc6 7. d4 a6 8. Bg5
h6 9. Bf4 Nh5 10. Be3 Rb8 11. Qd2 Kh7 12. Rac1 f5 13. d5 Ne5 14. Nxe5 dxe5 15.
Ba7 Ra8 16. Bc5 f4 17. Ba3 Bf5 18. c5 Qd7 19. Rfd1 Bh3 20. c6 bxc6 21. dxc6 Qc8
22. Bxe7 Rf7 23. Bxh3 Qxh3 24. Qd7 Rf5 25. Ne4 Rb8 26. Nf6+ Nxf6 27. Bxf6 Rg8
28. Bxe5 Qh5 29. Bxf4 Qxe2 30. Rd2 Qg4 31. Bxc7 h5 32. Bd8 h4 33. c7 1-0

[Event "30. Ciudad de Sevilla 2014"]
[Site "Sevilla ESP"]
[Date "2014.01.16"]
[Round "7.19"]
[White "Mendez Juanes, Javier"]
[Black "Del Campo Gomez, Jose Luis"]
[Result "0-1"]
[WhiteElo "1974"]
[BlackElo "2125"]
[PlyCount "106"]
[EventDate "2014.01.10"]
[EventType "swiss"]
[EventRounds "9"]
[EventCountry "ESP"]
[Source "lmi"]
[SourceDate "2014.01.10"]

1. d4 f5 2. f4 Nf6 3. Nf3 e6 4. e3 b6 5. Be2 Bb7 6. c4 Be7 7. O-O O-O 8. b3 Ne4
9. Bb2 d6 10. Nc3 Nxc3 11. Bxc3 Nd7 12. Qc2 Nf6 13. Rad1 Ne4 14. Bb2 Bf6 15. b4
a5 16. b5 Qe8 17. Bd3 h6 18. Nd2 Nxd2 19. Rxd2 g6 20. e4 Qf7 21. e5 dxe5 22.
fxe5 Bg5 23. Re2 Rfe8 24. c5 Bd5 25. Bc4 Qd7 26. a4 Red8 27. Qb3 Rac8 28. g3
Be7 29. Bxd5 Qxd5 30. Qxd5 Rxd5 31. c6 Kg7 32. Kg2 g5 33. h3 Kg6 34. Kf3 h5 35.
Rh1 Rf8 36. Rf2 Rdd8 37. Ke3 Rf7 38. Rhf1 Rh7 39. Rg2 Bf8 40. Kf2 Bh6 41. Rh1
Rf7 42. Ke2 Rdf8 43. Rf1 f4 44. gxf4 Rxf4 45. Rxf4 Rxf4 46. Rf2 g4 47. Rg2 Kf5
48. hxg4+ hxg4 49. Bc3 Bg5 50. Bd2 Rxd4 51. Rf2+ Bf4 52. Bxf4 Rxf4 53. Rg2 Kxe5
0-1

[Event "30. Ciudad de Sevilla 2014"]
[Site "Sevilla ESP"]
[Date "2014.01.16"]
[Round "7.20"]
[White "Ataide Molina, Jose Maria"]
[Black "Lopez Rodriguez, Fernando"]
[Result "0-1"]
[WhiteElo "1970"]
[BlackElo "2098"]
[PlyCount "74"]
[EventDate "2014.01.10"]
[EventType "swiss"]
[EventRounds "9"]
[EventCountry "ESP"]
[Source "lmi"]
[SourceDate "2014.01.10"]

1. c4 e6 2. g3 d5 3. Bg2 Nf6 4. Nf3 Be7 5. b3 O-O 6. O-O c5 7. Bb2 Nc6 8. d3 d4
9. e3 e5 10. Re1 Nd7 11. exd4 cxd4 12. Na3 Re8 13. Nc2 a5 14. a3 f6 15. Rb1 Rb8
16. Ba1 Nf8 17. b4 axb4 18. axb4 b5 19. Nd2 Qc7 20. Bd5+ Kh8 21. Qf3 Bd7 22.
Rec1 bxc4 23. Bxc4 Nxb4 24. Nxb4 Rxb4 25. Rxb4 Bxb4 26. Ne4 Be6 27. h4 Rc8 28.
Bb2 Qe7 29. Qd1 Bxc4 30. dxc4 Ne6 31. Qa4 h6 32. f3 Qb7 33. Ba3 Bxa3 34. Qxa3
Rc6 35. Kf2 Ra6 36. Nc5 Nxc5 37. Qxc5 Qb2+ 0-1

[Event "30. Ciudad de Sevilla 2014"]
[Site "Sevilla ESP"]
[Date "2014.01.17"]
[Round "8.1"]
[White "Turov, Maxim"]
[Black "Gonzalez Galvan, Juan Manuel"]
[Result "1-0"]
[WhiteElo "2586"]
[BlackElo "2238"]
[PlyCount "71"]
[EventDate "2014.01.10"]
[EventType "swiss"]
[EventRounds "9"]
[EventCountry "ESP"]
[Source "lmi"]
[SourceDate "2014.01.10"]

1. d4 d5 2. c4 e6 3. Nc3 c6 4. Qd3 f5 5. Nf3 Nf6 6. g3 Bd6 7. Bg2 O-O 8. O-O
Qe8 9. Rb1 Nbd7 10. b4 e5 11. dxe5 Nxe5 12. Nxe5 Bxe5 13. cxd5 Bxc3 14. dxc6
Ne4 15. f3 Nxg3 16. hxg3 Qxc6 17. Be3 f4 18. Rbc1 fxe3 19. Rxc3 Bf5 20. Qxe3
Rae8 21. Qd4 Qg6 22. e4 Be6 23. f4 Rd8 24. Qxa7 Rd2 25. f5 Qh6 26. Qe3 Qxe3+
27. Rxe3 Bxa2 28. Rf2 Rd1+ 29. Kh2 Bc4 30. e5 Rf7 31. g4 h6 32. Kg3 Rb1 33. Rd2
Rxb4 34. e6 Rf8 35. Rd4 Rc8 36. e7 1-0

[Event "30. Ciudad de Sevilla 2014"]
[Site "Sevilla ESP"]
[Date "2014.01.17"]
[Round "8.2"]
[White "Narciso Dublan, Marc"]
[Black "Haslinger, Stewart G"]
[Result "1/2-1/2"]
[WhiteElo "2521"]
[BlackElo "2548"]
[PlyCount "29"]
[EventDate "2014.01.10"]
[EventType "swiss"]
[EventRounds "9"]
[EventCountry "ESP"]
[Source "lmi"]
[SourceDate "2014.01.10"]

1. e4 e5 2. Nc3 Nf6 3. g3 d5 4. exd5 Nxd5 5. Bg2 Ne7 6. Nf3 Nbc6 7. O-O g6 8.
d4 exd4 9. Nb5 Bg7 10. Bf4 O-O 11. Nxc7 Rb8 12. Nb5 Ra8 13. Nc7 Rb8 14. Nb5 Ra8
15. Nc7 1/2-1/2

[Event "30. Ciudad de Sevilla 2014"]
[Site "Sevilla ESP"]
[Date "2014.01.17"]
[Round "8.3"]
[White "Matamoros Franco, Carlos S"]
[Black "Ducarmon, Quinten"]
[Result "1/2-1/2"]
[WhiteElo "2531"]
[BlackElo "2456"]
[PlyCount "54"]
[EventDate "2014.01.10"]
[EventType "swiss"]
[EventRounds "9"]
[EventCountry "ESP"]
[Source "lmi"]
[SourceDate "2014.01.10"]

1. Nf3 d5 2. e3 Nf6 3. c4 c6 4. Nc3 g6 5. d4 Bg7 6. Be2 O-O 7. O-O a6 8. Qb3
dxc4 9. Bxc4 b5 10. Be2 c5 11. dxc5 Nbd7 12. Rd1 Bb7 13. e4 Qc8 14. Nd5 Re8 15.
Be3 Nxc5 16. Qa3 Bxd5 17. exd5 Na4 18. Rac1 Qb7 19. Nd4 Nd7 20. b3 Nc3 21. Rxc3
b4 22. Rc7 Qxc7 23. Qxb4 Qd6 24. Qa5 Rec8 25. Nc6 Ne5 26. Qb6 Nd7 27. Qa5 Ne5
1/2-1/2

[Event "30. Ciudad de Sevilla 2014"]
[Site "Sevilla ESP"]
[Date "2014.01.17"]
[Round "8.4"]
[White "Campora, Daniel H"]
[Black "Melero Fidalgo, Juan De Dios"]
[Result "1-0"]
[WhiteElo "2460"]
[BlackElo "2245"]
[PlyCount "71"]
[EventDate "2014.01.10"]
[EventType "swiss"]
[EventRounds "9"]
[EventCountry "ESP"]
[Source "lmi"]
[SourceDate "2014.01.10"]

1. e4 e5 2. Nf3 Nc6 3. Nc3 Nf6 4. Bb5 Bb4 5. O-O O-O 6. d3 Bxc3 7. bxc3 d6 8.
Re1 Ne7 9. d4 c6 10. Bd3 Ng6 11. h3 Re8 12. a4 Qc7 13. a5 Be6 14. c4 Rad8 15.
Bg5 c5 16. d5 Bc8 17. Nh2 Qe7 18. Qf3 h6 19. Bxf6 Qxf6 20. Qxf6 gxf6 21. Nf1
Kg7 22. Ne3 Nf4 23. Bf1 Re7 24. Kh2 Rc7 25. Ra3 Ng6 26. Be2 Ne7 27. Bg4 Kg6 28.
Bxc8 Rdxc8 29. Rf1 Re8 30. f4 exf4 31. Rxf4 Kg7 32. Ng4 Ng8 33. Rg3 Kf8 34. Ne3
b6 35. a6 Rce7 36. Rfg4 1-0

[Event "30. Ciudad de Sevilla 2014"]
[Site "Sevilla ESP"]
[Date "2014.01.17"]
[Round "8.5"]
[White "Van Der Weide, Karel"]
[Black "Van Hoolandt, Patrick"]
[Result "1-0"]
[WhiteElo "2449"]
[BlackElo "2199"]
[PlyCount "37"]
[EventDate "2014.01.10"]
[EventType "swiss"]
[EventRounds "9"]
[EventCountry "ESP"]
[Source "lmi"]
[SourceDate "2014.01.10"]

1. e4 e5 2. Nf3 Nc6 3. Bb5 Nf6 4. O-O Nxe4 5. d4 Nd6 6. Bg5 Be7 7. Bxe7 Qxe7 8.
Bxc6 dxc6 9. dxe5 Nf5 10. Nc3 O-O 11. Qd2 Be6 12. Qf4 a5 13. Ne4 Rfd8 14. h3 c5
15. c3 Kh8 16. Rad1 Nh6 17. Neg5 f5 18. Rfe1 Rxd1 19. Rxd1 1-0

[Event "30. Ciudad de Sevilla 2014"]
[Site "Sevilla ESP"]
[Date "2014.01.17"]
[Round "8.6"]
[White "Simonian, Tigran"]
[Black "Diaz Castro, Sergio"]
[Result "1-0"]
[WhiteElo "2412"]
[BlackElo "2256"]
[PlyCount "153"]
[EventDate "2014.01.10"]
[EventType "swiss"]
[EventRounds "9"]
[EventCountry "ESP"]
[Source "lmi"]
[SourceDate "2014.01.10"]

1. d4 Nf6 2. c4 g6 3. Nc3 Bg7 4. e4 d6 5. h3 O-O 6. Nf3 Nc6 7. Bg5 h6 8. Be3 e5
9. d5 Nd4 10. Nxd4 exd4 11. Bxd4 Nxe4 12. Bxg7 Re8 13. Be2 Kxg7 14. Qd4+ Qf6
15. Qxf6+ Kxf6 16. Nxe4+ Rxe4 17. Kd2 Bd7 18. Bd3 Re5 19. f4 Re7 20. Rae1 Rxe1
21. Rxe1 Re8 22. Rxe8 Bxe8 23. Ke3 Bd7 24. g4 g5 25. Kf3 a5 26. Kg3 Ke7 27. Kf3
Ba4 28. Ke3 Kf6 29. b3 Bd7 30. a3 Ke7 31. Kd4 Kf6 32. Ke3 Ke7 33. Bc2 Kf6 34.
Kf3 Ke7 35. Bd3 Kf6 36. Kg3 Ke7 37. h4 f6 38. h5 c5 39. dxc6 Bxc6 40. b4 b6 41.
b5 Bb7 42. Be2 d5 43. fxg5 fxg5 44. Kf2 d4 45. Bd3 Kd6 46. Bf5 Kc5 47. Be6 Be4
48. Ke2 Bc2 49. Kd2 Bb1 50. Bf7 Ba2 51. Kd3 Bb1+ 52. Kd2 Be4 53. Be6 Bg2 54.
Ke2 Be4 55. Kd2 Bf3 56. Kd3 Bg2 57. Ke2 Ba8 58. Kd3 Bf3 59. Kd2 Be4 60. Ke2 Bb1
61. Kd2 Bh7 62. Ke2 Kd6 63. Bf7 Ke5 64. Bg6 Bg8 65. Kd3 Be6 66. Bf5 Bxf5+ 67.
gxf5 g4 68. c5 g3 69. cxb6 Kd6 70. f6 g2 71. f7 Ke7 72. b7 g1=Q 73. f8=Q+ Kxf8
74. b8=Q+ Kf7 75. Qf4+ Ke6 76. Qe4+ Kf6 77. Qg6+ 1-0

[Event "30. Ciudad de Sevilla 2014"]
[Site "Sevilla ESP"]
[Date "2014.01.17"]
[Round "8.7"]
[White "Sgnaolin, Davide"]
[Black "Padeiro, Jose"]
[Result "1/2-1/2"]
[WhiteElo "2221"]
[BlackElo "2337"]
[PlyCount "43"]
[EventDate "2014.01.10"]
[EventType "swiss"]
[EventRounds "9"]
[EventCountry "ESP"]
[Source "lmi"]
[SourceDate "2014.01.10"]

1. c4 c6 2. Nf3 Nf6 3. g3 d5 4. b3 Bg4 5. Bg2 Bxf3 6. Bxf3 dxc4 7. Nc3 cxb3 8.
Qxb3 Qb6 9. Qa4 e6 10. Rb1 Qc7 11. d4 Bd6 12. Qb3 Nd5 13. Bxd5 cxd5 14. Qxb7
Qxb7 15. Rxb7 Nd7 16. Bf4 Ke7 17. Kd2 Rhe8 18. Bxd6+ Kxd6 19. Rhb1 Re7 20. Na4
Nb6 21. Rxe7 Kxe7 22. Nxb6 1/2-1/2

[Event "30. Ciudad de Sevilla 2014"]
[Site "Sevilla ESP"]
[Date "2014.01.17"]
[Round "8.8"]
[White "Coimbra, Margarida"]
[Black "Pogorelov, Ruslan"]
[Result "0-1"]
[WhiteElo "2087"]
[BlackElo "2377"]
[PlyCount "76"]
[EventDate "2014.01.10"]
[EventType "swiss"]
[EventRounds "9"]
[EventCountry "ESP"]
[Source "lmi"]
[SourceDate "2014.01.10"]

1. e4 c6 2. c4 d5 3. exd5 cxd5 4. cxd5 Nf6 5. Nc3 Nxd5 6. Nf3 Nc6 7. Bb5 Nxc3
8. bxc3 Bd7 9. d4 e6 10. O-O Be7 11. Bf4 O-O 12. Bd3 b6 13. Qe2 Bf6 14. a4 g6
15. Ne5 Nxe5 16. Bxe5 Rc8 17. c4 Bxe5 18. Qxe5 Re8 19. a5 f6 20. Qg3 Re7 21.
axb6 axb6 22. Rfb1 Be8 23. Qe3 Bf7 24. Ra6 Rd7 25. Raxb6 Rxd4 26. Bf1 e5 27.
Qf3 Rf4 28. Qh3 Kg7 29. Rb7 Rc7 30. Rb8 Qd4 31. R1b2 Bxc4 32. Qa3 Rf7 33. g3
Bxf1 34. gxf4 Bc4 35. Qe3 Qd1+ 36. Kg2 Qf1+ 37. Kg3 Qg1+ 38. Kh4 exf4 0-1